Länder per tipps - Statistiken

Allgemein
  • Dieses Quiz wurde 45 mal gespielt
  • Das Durchschnittsergebnis liegt bei 6 aus 14
Antwortstatistiken
Tipp Land % Korrekt
Die Flagge der ___ wird auch Sternenbanner oder Stars and Stripes genannt. Sie besteht aus 7 roten und 6 weißen Streifen, die für die 13 Gründungsstaaten stehen, und aus einem blauen Flaggenfeld im linken oberen Eck, dessen derzeit 50 weiße Sterne die 50 Bundesstaaten der ___ symbolisieren. USA
93%
Die ________ Flagge zeigt im Zentrum ein allein stehendes rechtwinkliges Kreuz auf einem silbernen (weißen) Hintergrund sowie vier kleinere Kreuze in den Ecken. Es handelt sich um ein Jerusalemkreuz, dessen Kreuze die fünf Wunden Christi symbolisieren.
Der silberne (weiße) Hintergrund steht für Unschuld, Keuschheit, Reinheit und Weisheit. Das Rot der Kreuze symbolisiert Mut, Tapferkeit, Gerechtigkeit und Liebe.
Georgien
80%
Die Nationalflagge besteht aus zwei horizontalen Streifen in Rot und Weiß. Die Farben entstammen dem Fürstenwappen der Familie Grimaldi, die ______ seit 1297 regiert. Das offizielle Seitenverhältnis beträgt 4:5. Monaco
63%
Die Nationalflagge ___ _____ zeigt einen goldenen Löwen vor einem weinroten Hintergrund, der ein Schwert (kastane) in seiner rechten Vorderpfote hält. In jeder der vier Ecken dieses Flaggenteils ist das goldene Blatt eines Bodhibaums zu sehen, deren Blattspitzen auf den Löwen im Zentrum gerichtet sind. Der Löwe steht dabei für die Tapferkeit, während die vier Blätter die vier buddhistischen „himmlischen Verweilzustände“, Metta (Güte), Karuna (Mitgefühl), Mudita (Mitfreude) und Upekkhā (Gleichmut), symbolisieren. Im linken Teil der Flagge sind zwei gleich große vertikale Streifen platziert, die in den Farben Grün (Mastseite) und Safran gehalten sind und die beiden großen Minderheitengruppen des Staates repräsentieren. Der safranfarbene Streifen steht für die Volksgruppe der Tamilen, der grüne für die muslimischen Bewohner ___ _____. Der weinrote Hintergrund steht für Singhalesen, die Mehrheit der Bewohner des Landes. Die gelbe Umrahmung, die die Flagge wie auch die Streifen umgibt, repräsentiert Einheitlichkeit des Landes. Sri Lanka
56%
Die Flagge von ____ ist an die französische Trikolore angelehnt, und erinnert an die französische Kolonialzeit. ____ hat für seine Nationalflagge, wie viele andere afrikanischen Staaten, die so genannten panafrikanischen Farben gewählt, die zuvor auch die Parteifarben des Rassemblement Démocratique Africain (RDA) waren. Sie bedeuten Folgendes:
Grün (PMS 355) repräsentiert die Natur des Landes. Gelb (PMS 109) steht für Bodenschätze und die Reinheit. Rot (PMS 032) steht für das Blut, das bei dem Kampf um die Unabhängigkeit vergossen wurde.
Mali
54%
Die Flagge ________ (________ Erfalasorput) wurde gemäß Gesetz Nr. 6 des Jahres 1985 am 21. Juni 1985 als Flagge des autonomen Landes ________ innerhalb des Königreichs Dänemark eingeführt. Grönland
44%
Die Flagge ________ ist der Flagge der Vereinigten Staaten sehr ähnlich. Vierzehn Streifen in weißer und roter Farbe kennzeichnen 13 Länder der Föderation und ein Gebiet der Hauptstadt. Der offizielle Name der Flagge von 1997 könnte mit "Berühmte Streifen" übersetzt werden. Der gelbe Stern hat ebenfalls vierzehn Punkte und befindet sich zusammen mit einem gelben Halbmond auf einem blauen Feld im oberen linken Teil der Flagge. Halbmond und Stern sind traditionelle Symbole des Islam, blau bezieht sich auf die Zugehörigkeit zum britischen Commonwealth und rot sowie weiß gelten als traditionelle Farben der südostasiatischen madagassischen Nationen. Gelb ist die Farbe der Sultane, die die neun Staaten der ________ Föderation regieren. Malaysia
41%
Der Durchmesser der Scheibe beträgt drei Fünftel der Flaggenbreite. Das himmelblaue Tuch ist der Flagge Mikronesiens entlehnt. Die blaue Farbe steht für den die Inseln umgebenden Pazifischen Ozean. Die gelbe Scheibe steht für den Vollmond über _____. Der Mond spielt in der Tradition _____ eine wichtige Rolle hinsichtlich Erntezeitpunkt, Kreislauf der Natur und Beginn bestimmter Ereignisse. Er symbolisiert zudem das Aufstreben des Landes als eine souveräne, unabhängige Nation. Der blaue Ozean steht für die immerwährende Versorgung der Insel mit Nahrung. Zugleich symbolisiert er die Beständigkeit und das Überleben _____ unter verschiedenen Herrschaften durch die Jahre hindurch, um schließlich mit dem Vollmond vereint zu sein. Bei Vollmond finden die wichtigen Aktivitäten statt, sei es nun der Bau von Booten, das Fällen von Bäumen, das Fischen und die traditionellen Feste. Palau
41%
Die Breite der drei Streifen der _______ Flagge steht in einem Verhältnis von 8:9:8, das heißt, der mittlere (gelbe) Streifen ist etwas breiter als die beiden äußeren. Die Farben Blau und Rot der _______ Flagge sind zwei Farben der französischen Flagge, Rot und Gelb sind die spanischen Farben. Im Wappen steht im linken oberen Viertel die Mitra und Hirtenstab des Bischofs von Urgell, die drei roten Pfähle rechts oben stehen für die Grafen von Foix, die vier Pfähle unten links für Katalonien und die Kühe im vierten Viertel stehen für die Grafen von Béarn. Der lateinische Spruch bedeutet „Vereint ist die Tugend stärker“. Nur die Staatsflagge trägt das Wappen, die bürgerliche Flagge kommt auch ohne Wappen aus. Eher ungewöhnlich für Nationalflaggen ist das Seitenverhältnis von 7:10. Andorra
37%
Das Komitee, das den Entwurf für die Flagge vorstellte hatte ursprünglich nicht vorgesehen, den ________-Vogel mitaufzunehmen, der bereits in der vorangehenden Flagge ________-Rhodesiens zu finden war. Erst als auf seine Einzigartigkeit und Geschichte hingewiesen wurde, nahm man ihn in das endgültige Design auf. Simbabwe
29%
Die Farben werden verschieden gedeutet. Die amtliche Symbolik ist: Grün steht für die Fruchtbarkeit der Erde des Landes. Gelb steht für die Liebe zum Mutterland. Rot steht für Kraft und erinnert an das Blut, das im Kampf gegen die Unterdrücker vergossen wurde. Zugleich repräsentieren die Farben die bedeutendsten Teile des Landes: Grün für Shewa, Gelb für Amhara, Rot für Tigre. Im Kaiserreich war den Farben folgende Bedeutung zugeschrieben: Grün war das Symbol des Landes, Gelb stand für die Kirche, Frieden und natürlichen Reichtum, Rot war die Farbe der Kraft und des Blutes der Patrioten. Weitere Deutungen werden dem religiösen Bereich zugeschrieben. Eine davon bezieht sich auf die christliche Dreifaltigkeit und die christlichen Tugenden. Danach steht, Grün für den Heiligen Geist und die Hoffnung, Gelb für Gott Vater und die Nächstenliebe, Rot für Gottes Sohn und den Glauben. Im Glauben der Rastafari, welcher u. a. in Shashemene verbreitet ist, werden den Farben, in umgekehrter Reihenfolge, folgende Bedeutungen zugeschrieben: Rot für das Blutvergießen und die Morde an den verschleppten Sklaven, Gold für den Reichtum, den man den Sklaven (Sufferahs, „Leidende“) gestohlen hat,
Grün für das gelobte Mutterland ________ oder allgemein Afrika, das die Heimkehr der Verschleppten erwartet. Das Emblem im mittleren Streifen der Flagge zeigt ein strahlendes Pentagramm mit gleich langen „Strahlen“. Dies steht symbolisch für die Gleichheit aller ethnischen Gruppen sowie Geschlecht und Glaubensrichtung. Die Strahlen stehen für eine strahlende Zukunft _________, der blaue Hintergrund steht für Frieden und Demokratie.
Äthiopien
27%
Die _____ Staatsflagge ist neben dem Staatswappen eines der beiden amtlichen Hoheitszeichen des Inselstaates. Anlässlich der Unabhängigkeitserklärung wurde am 31. Januar 1968 zum ersten Mal die Flagge _____ gehisst. Sie veranschaulicht die geografische Lage des Landes. Nauru
27%
Die ________ ist kein Land, aber wir haben sie als Land aufgeführt, weil sie Teil der ISO 3166-1-Ländercodes ist. Antarktis
17%
Die Streifenfolge der Flagge _____ ____ wurde am 12. November 1848 eingeführt. Die heutige Position des Wappens bei der Dienstflagge und Kriegsflagge entspricht der Vorgabe seit dem 27. November 1906. Das Wappen wurde am 21. Oktober 1964 sowie am 5. Mai 1998 nochmals verändert. Costa Rica
17%
Keine übereinstimmenden Quizze gefunden
Verteilung der Resultate
Anzahl Personen mit jedem Resultat
Perzentil nach korrekt beantworteten Fragen
Ihre Resultats-Entwicklung
Sie haben dieses Quiz noch nicht gespielt